Optimization of Pakistan railways schedule (a case study of a track segment from Rawalpindi to Lalamusa) / (Record no. 535523)

000 -LEADER
fixed length control field 00560nam a22001577a 4500
020 ## - INTERNATIONAL STANDARD BOOK NUMBER
Qualifying information Hard Cover.
082 ## - DEWEY DECIMAL CLASSIFICATION NUMBER
Classification number 629.04
100 ## - MAIN ENTRY--PERSONAL NAME
Personal name Abid, Malik Muneeb
245 ## - TITLE STATEMENT
Title Optimization of Pakistan railways schedule (a case study of a track segment from Rawalpindi to Lalamusa) /
Statement of responsibility, etc. Malik Muneeb Abid.
260 ## - PUBLICATION, DISTRIBUTION, ETC.
Place of publication, distribution, etc. Islamabad:
Name of publisher, distributor, etc. NIT NUST,
Date of publication, distribution, etc. 2013.
300 ## - PHYSICAL DESCRIPTION
Extent 140 p. :
Other physical details ill. ;
Dimensions 30cm.
942 ## - ADDED ENTRY ELEMENTS (KOHA)
Source of classification or shelving scheme
Koha item type Thesis
650 ## - SUBJECT ADDED ENTRY--TOPICAL TERM
Topical term or geographic name entry element Transportation Engineering MS-Thesis.
700 ## - ADDED ENTRY--PERSONAL NAME
Personal name Muhammad Babar Khan
650 ## - SUBJECT ADDED ENTRY--TOPICAL TERM
-- 16276
700 ## - ADDED ENTRY--PERSONAL NAME
-- 30116
Holdings
Withdrawn status Lost status Source of classification or shelving scheme Damaged status Not for loan Permanent Location Current Location Shelving location Date acquired Total Checkouts Full call number Barcode Date last seen Price effective from Koha item type
          Central Library (CL) Central Library (CL) Thesis 09/16/2020   629.04 CL-T-5904 09/16/2020 09/16/2020 Thesis
© 2023 Central Library, National University of Sciences and Technology. All Rights Reserved.